[Event "Dortmund SuperGM 40th"]
[Site "Dortmund"]
[Date "2012.07.19"]
[Round "6"]
[White "Caruana, Fabiano"]
[Black "Meier, Georg"]
[Result "1/2-1/2"]
[WhiteElo "2775"]
[BlackElo "2644"]
[Annotator "Kritz,L"]
[PlyCount "115"]
[EventDate "2012.07.13"]
[EventType "tourn"]
[EventRounds "9"]
[EventCountry "GER"]
[EventCategory "19"]
[SourceTitle "CBM 150"]
[Source "ChessBase"]
[SourceDate "2012.09.14"]
[SourceVersion "1"]
[SourceVersionDate "2012.09.14"]
[SourceQuality "1"]

1. e4 e6 2. d4 d5 3. Nc3 Nf6 4. e5 {Dieser Zug hat heute die alte
Hauptvariante 4.Bg5 abgelöst.} Nfd7 5. f4 c5 6. Nf3 Nc6 7. Be3 Be7 8. Qd2 O-O
9. Be2 (9. O-O-O $2 c4 $1 10. f5 b5 11. fxe6 fxe6 12. Nxb5 Rb8 13. Nd6 Bxd6 14.
exd6 Nf6 $17 {Szelag - Gurevich (Warsaw, 2007)}) ({Eine gute Alternative zum
Partiezug ist} 9. dxc5 $5 Bxc5 (9... Nxc5 10. O-O-O Qa5 11. Kb1 {und nun kann
sich Schwarz nicht ordnungsgemäß entwickeln:} Bd7 $2 12. Nxd5 $3 exd5 13. Qxa5
Nxa5 14. Bxc5 Bxc5 15. Rxd5 $18 {Zhigalko - Li Shilong (Cappelle la Grande,
2006). Weiß gewinnt zumindest einen Bauern und damit auch die Partie.}) 10.
O-O-O Qa5 11. Bxc5 Nxc5 12. h4 Bd7 13. h5 Rab8 14. h6 $14 {Svidler -
Riazantsev (Moscow, 2008)}) 9... a6 (9... b6 $5 {Ein seltener, aber sehr
konkreter Zug. Die eigentliche Idee ist es nicht den Läufer auf b7 zu
entwickeln, wo er eher schlecht steht, sondern den Bauern c5 zu verteidigen.
Schwarz beabsichtigt, so schnell wie möglich ...f5 zu spielen, und nach exf6
mit dem Springer zurückzunehmen. Dafür muss der Bauer c5 gedeckt werden.} 10.
O-O f5 $1 {Wenn Weiß nicht en-passant nimmt, kann er kaum auf einen Vorteil
hoffen. Der einzige aktive Plan mit g4 dauert zu lange, in der Zwischenzeit
bekommt Schwarz gutes Spiel. Das Nehmen auf f6 muss dann als erstes geprüft
werden.} (10... Bb7 {Zu langsam.} 11. Nd1 cxd4 12. Nxd4 Nxd4 13. Bxd4 Nb8 14.
Ne3 Nc6 15. c3 $14 {und Schwarz verblieb mit einem schlechten Läufer b7 in
Zherebukh - Sethuraman (Kirishi, 2010)}) (10... Ndb8 11. Rad1 Kh8 (11... cxd4
12. Nxd4 Nxd4 13. Bxd4 Nc6 14. Be3 Bb7 15. Nb5 $14) 12. Kh1 Ba6 13. f5 $1 Bxe2
14. Nxe2 exf5 15. c3 cxd4 16. Nexd4 $44 {Ovetchkin - Morozevich (Russian Cup,
1998)}) 11. exf6 $1 $146 {Prinzipiellste und stärkste Fortsetzung.} Nxf6 12.
Kh1 (12. Bb5 Bb7 13. Bxc6 Bxc6 14. Ne5 Qc7 15. Rad1 $14 {Diese Stellung ist
etwas besser für Weiss aus dem einfachen Grund, dass Schwarz keinen Plan hat.
Er kann nicht den b-Bauern aufrollen, weil dann sofort auf c5 genommen wird;
er sollte nicht auf d4 nehmen, weil dadurch der weiße Läufer aktiviert wird;
und er sollte nicht ...Ne4 spielen, weil sein Bauernstruktur dadurch
verschlechtert wird. Weiß seinerseits kann seine Stellung langsam verbessern
mittels h3-Kh2-Qf2 usw.}) 12... Ne4 $1 {Ein Versuch, aktiv zu spielen.} (12...
Bb7 13. Rad1 $14) 13. Qe1 (13. Nxe4 $6 dxe4 14. Bb5 exf3 15. Bxc6 fxg2+ 16.
Qxg2 Rb8 $132) 13... Bb7 14. Rd1 Qc7 15. dxc5 bxc5 16. Nxe4 dxe4 17. Ng5 $14)
10. O-O b5 11. a3 {Eine spielbare Alternative ist 11.Nd1:} (11. Nd1 b4 12. Nf2
a5 13. dxc5 Bxc5 14. Bxc5 Nxc5 15. Bd3 Ba6 16. Qe3 Bxd3 17. cxd3 Na4 18. Rab1
Ne7 19. Rfc1 Qd7 20. Nd4 $14 {Kamsky - Morozevich (Amsterdam, 1996)}) 11... Bb7
{In dieser Stellung hat Weiß fast überall eine etwas angenehmere Stellung, die
jedoch schwer zu verwerten ist.} (11... Qb6 12. Nd1 a5 13. c3 Bb7 (13... a4 14.
Nf2 Na5 15. Rad1 Bb7 16. Bd3 Nc4 17. Qe2 Nxe3 18. Qxe3 b4 19. f5 $36 {Karjakin
- Rodriguez Vila (Khanty-Mansiysk, 2009)}) 14. Bf2 f6 15. exf6 Nxf6 16. dxc5
Bxc5 17. Bxc5 Qxc5+ 18. Qe3 Qxe3+ 19. Nxe3 $14 {Svidler - Hou (Amsterdam, 2009)
}) (11... Qc7 12. Nd1 Rb8 13. c3 a5 14. Bf2 b4 15. axb4 axb4 16. Ne3 Na5 17.
Qd1 bxc3 18. bxc3 Nb3 19. Rb1 Na5 20. f5 $14 {Alekseev - Riazantsev (Moscow,
2008)}) 12. Kh1 Qc7 13. dxc5 {Es gibt viele Züge in dieser Stellung, die Weiß
gut spielen kann.} (13. Rad1 Rac8 14. Qe1 cxd4 15. Nxd4 Nxd4 16. Bxd4 Bc5 17.
Qh4 Bxd4 18. Rxd4 f6 19. Bd3 h6 20. exf6 Rxf6 21. f5 $14 {Karjakin - Carlsen 
(Wijk aan Zee, 2010)}) (13. Bd3 g6 14. dxc5 Nxc5 15. Ne2 Ne4 16. Qe1 b4 17.
axb4 Nxb4 18. Nfd4 a5 19. b3 Ba6 20. Bxe4 dxe4 21. c4 Rfd8 22. Qg3 Bf8 $11 {
Hou - Peng (Dresden, 2008)}) 13... Nxc5 14. Qe1 $5 {Das ist eine neue Idee.} (
14. Bd3 Nxd3 15. Qxd3 d4 16. Bxd4 Nxd4 17. Qxd4 Rfd8 18. Qe3 b4 19. axb4 Bxb4
$44 {Fluvia Poyatos - Narciso Dublan (Sabadell, 2011)}) 14... f6 $1 {Mutige
Entscheidung. Schwarz schwächt seinen e-Bauer, bekommt jedoch aktives Spiel.} (
14... Ne4 15. Bd3 (15. Nxe4 dxe4 16. Nd2 (16. Nd4 Nxd4 17. Bxd4 Qxc2 18. Rc1
Qa4 19. Qf2 Rac8 $17) 16... Na5 17. b4 Nc4 18. Nxc4 bxc4 $132) 15... Na5 16.
Bd4 $14) 15. Bxc5 $2 {Den Läufer sollte man nicht so leicht aufgeben.} (15.
exf6 Rxf6 16. Qf2 Nd7 17. Bd3 b4 18. axb4 Nxb4 $132) 15... Bxc5 16. Bd3 f5 $1
$15 {Schwarz schließt den Königsflügel und behält die Kontrolle über die
schwarzen Felder und vor allem über das Feld d4.} 17. Ne2 d4 (17... b4 18. axb4
Nxb4 19. Qc3 Rac8 20. Ned4 $132) 18. b4 (18. c3 dxc3 19. Qxc3 Qe7 20. Rac1 Bb6
$15) 18... Bb6 19. a4 $1 {Weiß muss dynamisch spielen, weil seine Stellung
strategisch gesehen schlechter ist.} Qe7 (19... bxa4 $2 20. Rxa4 Qe7 21. Bc4
$14) 20. axb5 axb5 21. Rb1 (21. Bxb5 d3 $1 22. Bxd3 Nxb4 $44 {Schwarz hat
ausgezeichnete Kompensation für den Bauern dank seiner starker Läufer.}) 21...
Ra2 $6 (21... Ba6 $1 22. c3 dxc3 23. Qxc3 Rfc8 $15) 22. Nc1 $6 {Beide Spieler
machen viele Ungenauigkeiten, so dass die Stellungsbewertung hin und her geht.}
(22. Qd2 $5 Rd8 23. Bxb5 $14) 22... Ra4 23. Bxb5 Rxb4 24. Nd3 (24. Rxb4 Nxb4
25. Qd2 Bxf3 26. Rxf3 Rc8 27. Bd3 Nd5 $17) 24... Rxb1 25. Qxb1 Rc8 (25... Rb8
$5 26. Bc4 Bc8 27. Qa2 Bd7 28. Ng5 Nd8 29. Rb1 h6 30. Nf3 Nc6 $132) 26. Bc4 (
26. Ba6 $5 Bxa6 27. Qxb6 Qa3 28. Rd1 $11) 26... Na5 27. Ba2 Rc6 28. Ng5 (28.
Qb2 h6 29. Nxd4 Bxd4 30. Qxd4 Rxc2 31. Rf2 $11) 28... Bd8 $2 {Das ist ein
grober Fehler.} (28... h6 $1 29. Nxe6 $2 Kh7 $3 (29... Rxe6 30. Qxb6 $18) 30.
Qb4 Rxe6 31. Bxe6 Qxe6 32. Rb1 Nc4 $19) 29. Qb4 $2 {Weiß nutzt den Fehler
nicht aus.} (29. Bxe6+ Rxe6 30. Qa2 Bc8 31. Nc5 Qxc5 32. Nxe6 Bxe6 33. Qxe6+
Kf8 34. Qxf5+ $18) 29... Bc8 30. Qxd4 h6 31. Nf3 Rxc2 {Nach allen
Komplikationen ist man in ein fast gleiches Endspiel gekommen.} 32. Nb4 Nc6 33.
Nxc6 Rxc6 {Dieses Endspiel ist sicherlich Remis, nur muss Weiß trotzdem
aufpassen, nicht dass die schwarzen Läufer zu aktiv werden.} 34. Qa4 Bd7 35.
Rd1 Rc1 36. Qb3 Qc5 (36... Rxd1+ 37. Qxd1 g6 38. Qd4 $11) 37. Qd3 {Es macht
mehr Sinn, ein Luftloch zu machen:} (37. h3 $5 Bb6 38. Kh2 Rxd1 39. Qxd1 Bc8
40. Qa4 $11) 37... Rxd1+ 38. Qxd1 Bb6 39. h3 Bc8 40. Qa4 Kf7 {Im Vergleich zu
37.h3 hat Weiß seinen König immer noch auf h1, und das spielt eine Rolle.} 41.
Kh2 Ke7 42. h4 Bd7 43. Qd1 Qb4 $15 {Schwarz entwickelt seine Initiative, Weiß
hat sich schon zusätzliche Schwächen machen müssen.} 44. Qd6+ $3 {Das ist der
beste Weg für Weiß! Das entstehende Endspiel ist glücklicherweise Remis.} Qxd6
45. exd6+ Kxd6 46. Ne5 Bc8 (46... Bb5 47. Nc4+ Bxc4 48. Bxc4 $11) 47. Nc4+ Kc5
48. Nxb6 Kxb6 49. Kg3 Kc5 50. Kf2 Kd4 (50... Kd6 51. Ke3 Ke7 52. Kd4 Kf6 53.
Bc4 Bb7 54. g3 $11 {Schwarz kommt nicht zu ...g5.}) 51. Bb3 e5 (51... Ke4 52.
g3 e5 53. Bc2+ Kd4 54. fxe5 Kxe5 55. Ke3 $11) 52. fxe5 Kxe5 53. g3 f4 54. Bd1
$1 (54. gxf4+ $2 Kxf4 55. Bd1 Bg4 56. Ba4 Bf3 57. Bd7 Be4 $19) 54... g5 {
Das macht das Leben von Weiß sehr leicht.} (54... Kf5 55. Bc2+ Kg4 56. Bd1+ Kh3
57. gxf4 Kxh4 58. Kg2 $11) 55. hxg5 hxg5 56. gxf4+ Kxf4 $11 57. Bf3 g4 58. Bxg4
1/2-1/2

[Event "Dortmund SuperGM 40th"]
[Site "Dortmund"]
[Date "2012.07.22"]
[Round "9"]
[White "Bartel, Mateusz"]
[Black "Caruana, Fabiano"]
[Result "0-1"]
[WhiteElo "2674"]
[BlackElo "2775"]
[Annotator "Krasenkow,M"]
[PlyCount "54"]
[EventDate "2012.07.13"]
[EventType "tourn"]
[EventRounds "9"]
[EventCountry "GER"]
[EventCategory "19"]
[SourceTitle "CBM 150"]
[Source "ChessBase"]
[SourceDate "2012.09.14"]
[SourceVersion "1"]
[SourceVersionDate "2012.09.14"]
[SourceQuality "1"]

1. d4 Nf6 2. c4 g6 3. Nc3 d5 4. cxd5 Nxd5 5. e4 Nxc3 6. bxc3 Bg7 7. Nf3 c5 8.
Rb1 O-O 9. Be2 cxd4 10. cxd4 Qa5+ 11. Qd2 Qxd2+ 12. Bxd2 e6 13. O-O b6 14. Rbc1
Bb7 15. Rc7 (15. Bb4 Rd8 16. Bb5 $1 {[%cal Rb4e7] is the main theoretical
continuation but the whole well-forgotten line is quite harmless. Here is a
relatively recent (12-year-old!) example:} Ba6 17. a4 Bxb5 18. axb5 a6 19. bxa6
Nxa6 20. Bc3 b5 $1 21. Rfe1 (21. Rb1 $142 $11) 21... b4 22. Bb2 b3 23. Rc4 Rab8
24. Re3 e5 25. d5 f5 26. Ng5 fxe4 27. Nxe4 Rxd5 $15 {1-0 Krivoshey,S (2425)
-Peter,A (2440)/Budapest 2000/EXT 2004 (77)}) 15... Bxe4 16. Ng5 $2 {It looks
like GM Mateusz Bartel mixed up something.} (16. Bb4 Rd8 17. Rfc1 (17. Be7 Re8
18. Ng5 Bd5 (18... Nc6 19. Bf6 $1 Bd5 20. Bxg7 Kxg7 21. Rxf7+ Kh6 22. f4 Re7
23. Rxe7 Nxe7 24. Bf3 Re8 {1/2 Vaisser,A (2505)-Epishin,V (2400)/Tashkent 1987/
EXT 2002}) 19. Bd6 Nc6 20. Nxf7 Nxd4 $17 {0-1 Ahlander,B (2415)-Hjelm,N (2255)/
Stockholm 1993/EXT 2000 (64)}) 17... Nc6 $1 18. R1xc6 Bxc6 19. Rxc6 Rac8 20.
Rxc8 Rxc8 21. Kf1 Rc1+ 22. Be1 Bf8 {[%cal Yf8b4] , and it is White who must
fight for equality.}) (16. Rfc1 $142 $1 a5 17. Ne5 Na6 18. Bxa6 Rxa6 19. a4 h6
20. Be3 Bd5 21. R1c3 Raa8 (21... Bxe5 $1 22. dxe5 Kg7 $11) 22. Nd7 Rfd8 23. h4
$44 {1-0 Dijksman,L-Jenkinson,S (2242)/ICCF Email 2000/Telechess CBM 108 (37)})
16... Bd5 17. Bb4 Rd8 $1 18. Bb5 {There is no good continuation anymore; in
any case Black ends up with a material advantage without any compensation for
White:} (18. Nxf7 Rd7 19. Rfc1 (19. Rxd7 Nxd7 20. Ng5 Bxd4) (19. Rc8+ Kxf7 20.
Bb5 Rb7) 19... Kxf7 20. Bb5 Bxd4 $1 21. Bxd7 Na6 22. Bb5+ Nxc7 23. Rxc7+ Kg8
$17) (18. Be7 Re8 19. Bb5 Nc6 20. Bxc6 Bxc6 21. Nxf7 Rec8 22. Rxc8+ Rxc8 23.
Nd6 Rc7 24. Rc1 Rxe7 25. Rxc6 Bxd4 $17) (18. Rfc1 Nc6 $1 (18... e5 $2 19. Be7
Re8 20. Bb5 Rxe7 21. Rxe7 Nc6 22. Bxc6 Rc8 23. Re8+ {1-0 Belotti,B (2355)
-Sokolowski,S (2325)/Cap d'Agde 1986/EXT 2004}) 19. R1xc6 Bxc6 20. Rxc6 Rac8
21. Rxc8 Rxc8 22. Kf1 Rc1+ 23. Be1 Bxd4 $17 {[%cal Yd4c3]}) 18... a6 $1 19.
Nxf7 (19. Be7 axb5 20. Bxd8 Nc6 21. Rxc6 Bxc6 22. Bxb6 Rxa2 $19) 19... axb5 $1
20. Nxd8 Na6 21. Rxg7+ Kxg7 22. Be7 b4 23. Rc1 Bxa2 24. Rc6 b5 25. h4 b3 26.
Ba3 Nb4 $1 27. Nxe6+ Kg8 0-1

[Event "Olympiad-40"]
[Site "Istanbul"]
[Date "2012.08.29"]
[Round "2.1"]
[White "Wang, Hao"]
[Black "Caruana, Fabiano"]
[Result "1-0"]
[WhiteElo "2726"]
[BlackElo "2773"]
[Annotator "Erenburg,S"]
[PlyCount "107"]
[EventDate "2012.08.28"]
[EventType "team-swiss"]
[EventRounds "11"]
[EventCountry "TUR"]
[SourceTitle "CBM 151"]
[Source "ChessBase"]
[SourceDate "2012.11.13"]
[SourceVersion "1"]
[SourceVersionDate "2012.11.13"]
[SourceQuality "1"]
[WhiteTeam "China"]
[BlackTeam "Italy"]
[WhiteTeamCountry "CHN"]
[BlackTeamCountry "ITA"]

1. Nf3 g6 2. e4 d6 3. d4 Nf6 4. Nc3 Bg7 5. Be2 O-O 6. O-O a6 7. a4 e6 8. e5 $5
{A very concrete way to fight for the advantage. White is using his better
development to occupy important central squares. Less aggressive attempts did
not seem to give White anything special:} (8. h3 b6 9. e5 dxe5 10. Nxe5 Bb7 11.
Bf3 Qc8 12. Bg5 Nfd7 13. Ng4 h5 14. Nh2 Nc6 15. Ne2 e5 16. c3 exd4 17. cxd4 Nf6
18. Rc1 Ne7 19. Qc2 Ned5 20. Nf4 Qd7 21. Rfd1 Rac8 22. Bxf6 Bxf6 23. Bxd5 Bxd5
24. Nxd5 Qxd5 25. Qc6 Qxc6 26. Rxc6 Kg7 27. Nf3 Rfd8 28. b3 Rd5 29. Kf1 Rcd8
30. Rxc7 Bxd4 {1/2-1/2 Gruenfeld,Y (2470)-Finkel,A (2485)/Israel 2002/CBM 087})
8... dxe5 {This was forced. Otherwise, White gets an obvious advantage:} (8...
Nfd7 9. Bg5 Qe8 $140 10. exd6 cxd6 11. Ne4 $18) (8... Nd5 9. Ne4 $36) 9. Nxe5 {
[%cal Ye2f3]} Nbd7 $146 (9... Nc6 {is too crazy to be true. The idea of this
move is to open up the b-file and create some pressure along it. If White
moves b2-b3, then Black gets tactical chances such as the c6-c5 advance.
However, it seems that White can manage that:} 10. Nxc6 bxc6 11. Bf3 Nd5 12.
Ne4 $14) (9... c5 {doesn't work due to} 10. dxc5 Qc7 11. Qd6 $16) (9... Nfd7
10. Nf3 $1 Nf6 11. Bf4 b6 12. Ne5 Bb7 13. Bf3 Qc8 14. Bxb7 $6 (14. Re1 Nbd7 15.
Nc6 Re8 16. b4 $14 {[%cal Yb4b5]}) 14... Qxb7 15. Qf3 Qxf3 16. Nxf3 Rc8 17.
Rad1 Nc6 18. Rfe1 Nb4 19. Re2 c6 $11 {1/2-1/2 Murariu,A (2279)-Itkis,B (2442)/
Bucharest 2001/CBM 082 ext (51)}) 10. Bg5 h6 11. Bh4 c5 {Actually, Black has
just sacrificed a pawn. He did so to activate his pieces, because otherwise,
it is not very obvious how to complete the development.} ({In the event of} 
11... g5 {, White can exploit the weaknesses in Black's camp:} 12. Bg3 Nxe5 13.
Bxe5 Nd5 14. Bxg7 Kxg7 (14... Nxc3 15. bxc3 Kxg7 16. f4 $14 {[%cal Ye2f3]}) 15.
Nxd5 exd5 16. f4 $36) (11... Qe7 12. f4 {with unpleasant pressure.}) 12. Nxd7
Bxd7 13. dxc5 Bc6 14. a5 {Preventing Qa5, in fact.} (14. Rb1 {was worth
consideration as well. The idea is to push the b-pawn forward and move away
the rook from the long diagonal. For example, after} Qe7 15. b4 Rfd8 16. Qc1
$14 {I don't see sufficient compensation for the sacrificed pawn.}) 14... Rc8
15. b4 Rc7 $6 {This is too slow. White gets sufficient time to coordinate his
pieces.} ({Black had to play} 15... Qxd1 $1 16. Raxd1 (16. Rfxd1 Nh5 17. Ra3
Nf4 18. Bf1 g5 19. Bg3 Rfd8 $13) 16... Nh5 $1 17. Na2 Nf4 18. Bf3 Bxf3 19. gxf3
g5 20. Bg3 Ne2+ 21. Kg2 Rfd8 $13) 16. Qxd8 $1 Rxd8 17. Bg3 Rcd7 (17... Rcc8 18.
Be5 Ne4 19. Bxg7 Kxg7 20. Na2 $1 $14) 18. Be5 {After White activated his
bishop and blocked the activity of its counterpart along the long diagonal,
White should be a lot better.} Nh5 (18... Nd5 {isn't any better, due to} 19.
Bxg7 Kxg7 20. Nxd5 Rxd5 21. Rfd1 Rd2 22. Bd3 $16) 19. Bxg7 Kxg7 20. g3 $1 $16 {
Cutting off the black knight. Now, White is simply a pawn up and Black has
nothing for it.} Rd4 (20... Nf6 21. Rfd1 e5 22. Rxd7 Rxd7 23. Rd1 $16) 21. Rfd1
e5 22. f3 f5 23. Rxd4 exd4 {Black had to take with the pawn, since otherwise,
White breaks through on the queenside:} (23... Rxd4 $2 24. b5 axb5 25. a6 $18)
24. Rd1 f4 25. g4 Nf6 26. h4 (26. Kf2 $5 {was good enough as well:} Rd7 27. Nb1
$16 {[%cal Yb1d2,Yd2b3]}) 26... g5 27. h5 Rd7 28. Nb1 (28. Na2 $5 {[%cal Ya2c1,
Yc1b3]} Ba4 29. Rd2 $16) 28... d3 $5 {Probably the best practical chance.} ({
Passive defence would likely to lead to a slow death. For example,} 28... Ne8
29. Kf2 Nc7 30. Bc4 $16 {and White slowly improves his position.}) 29. Rxd3
Rxd3 30. cxd3 Nd5 31. d4 Kf6 ({Perhaps} 31... Nxb4 {would pose more problems
to White:} 32. Nc3 Be8 {[%cal Yb4c6]} 33. Bd1 $1 (33. Ne4 Nc6 34. Nd6 Nxd4 35.
Nxe8+ Kf8 36. Nd6 (36. Bxa6 bxa6 37. Nc7 Nxf3+ 38. Kg2 Ne5 39. Nxa6 Nc6 $11)
36... Nxe2+ 37. Kf2 Nd4 38. Nxb7 Ke7 $11) 33... Kf8 (33... Nc6 34. Ba4) 34. d5
Ke7 (34... Bf7 35. Bb3 $16) 35. Bb3 Nd3 36. Ne4 $16) 32. Kf2 Nxb4 33. Nc3 Nc2
$2 {Apparently, Caruana was in time trouble. Otherwise, I do not believe he'd
miss the d4-d5, c5-c6 idea.} ({Black retained chances of survival after} 33...
Bd7 34. Bc4 (34. Bd1 $5 $16) 34... Nc6 35. Nd5+ Kg7 36. Nb6 Be8 37. d5 Nxa5 38.
Ba2 $16) 34. d5 Bd7 35. c6 $18 {The passed a-pawn is the decisive factor in
this battle. Black has to give up one of his minor pieces to stop it, and that
marks the end of the story.} bxc6 36. Bxa6 Nb4 37. Bb7 cxd5 38. a6 Nxa6 (38...
Bc6 39. Bxc6 Nxc6 $18) 39. Bxa6 Bc6 40. Ke2 Ke5 41. Bd3 Bb7 42. Kd2 Ba8 43. Nb5
d4 44. Ke2 Bc6 45. Bc4 Bb7 46. Nc7 {Bringing the knight to f5, which forces
Black to exchange his only minor piece.} Bc8 47. Ne8 Bd7 48. Ng7 Kf6 49. Nf5 $1
Bxf5 50. gxf5 Kxf5 51. Ba6 $1 {Black's pawns are fixed and it does not matter
how many of them there are on the board: they will all be captured.} Ke5 52.
Bc8 Kd5 53. Kd3 Kc5 54. Bb7 {Zugzwang.} (54. Bb7 Kb6 55. Be4 Kc5 56. Ba8 $18)
1-0

[Event "Olympiad-40"]
[Site "Istanbul"]
[Date "2012.08.31"]
[Round "4.1"]
[White "Morovic Fernandez, Ivan"]
[Black "Caruana, Fabiano"]
[Result "1/2-1/2"]
[WhiteElo "2575"]
[BlackElo "2773"]
[PlyCount "60"]
[EventDate "2012.08.28"]
[EventType "team-swiss"]
[EventRounds "11"]
[EventCountry "TUR"]
[SourceTitle "CBM 151"]
[Source "ChessBase"]
[SourceDate "2012.11.13"]
[SourceVersion "1"]
[SourceVersionDate "2012.11.13"]
[SourceQuality "1"]
[WhiteTeam "Chile"]
[BlackTeam "Italy"]
[WhiteTeamCountry "CHI"]
[BlackTeamCountry "ITA"]

1. d4 Nf6 2. Nf3 g6 3. c4 Bg7 4. Nc3 d5 5. cxd5 Nxd5 6. Bd2 Bg4 7. e3 O-O 8.
Rc1 Nxc3 9. Bxc3 Nd7 10. Be2 Nf6 11. O-O Nd5 12. h3 Nxc3 13. Rxc3 Bd7 14. Qb3
Rb8 15. Qa3 a6 16. Qa5 c6 17. Qxd8 Rfxd8 18. Rfc1 Be6 19. Bc4 Bxc4 20. Rxc4 Rd5
21. Rc5 Rbd8 22. Kf1 e6 23. Ke2 Kf8 24. R1c3 Ke8 25. Rxd5 Rxd5 26. Rb3 Rb5 27.
Rxb5 axb5 28. b3 f6 29. Kd3 Bf8 30. Nd2 b6 1/2-1/2